01163nab a22002177a 4500003000400000005001700004008004100021040000700062100002200069245008400091260004200175300001300217500003600230505036800266505008900634650002000723650002800743650003600771700002500807773011300832OSt20260202205959.0190506c xxu||||| |||| 00| 0 spa d cPJ aCamaño, Sandra 10aConflictos del encuadramiento sindical /cSandra Camaño, Verónica Calarco.  aBuenos Aires :bAbeledoPerrot,c2023. ap. 43-47 aCita: TR LALEY AR/DOC/649/2023  aSumario: I. Introducción.— II. Algunas de las causas que obstaculizan el encuadramiento sindical.— III. Criterios sentados en la actualidad.— IV. ¿Cuál es el procedimiento para resolver conflictos sindicales?— V. En búsqueda de criterios apropiados para resolver el conflicto.— VI. Consideraciones finales.— VII. Bibliografía complementaria.  t¿Te interesa el texto completo? Comunicate al correo: koha@justierradelfuego.gov.ar 0aDERECHO LABORAL 0aASOCIACIONES SINDICALES 0aCONVENIOS COLECTIVOS DE TRABAJO aCalarco, Verónica 0 02751dBuenos Aires : AbeledoPerrot, 2013-tRevista de derecho laboral y seguridad social. Nº 9 - Mayo 2023